000 00623nam a2200241Ia 4500
003 OSt
005 20220926044642.0
006 a|||||r|||| 00| 0
007 ta
008 220923b |||||||| |||| 00| 0 eng d
037 _cGeneral Book
040 _aRTL
_cRTL
_beng
041 _2eng
_aeng
082 _aV5925:8.N6, K2
100 _aFremund Karel
_9349288
245 0 _aLesson from history
250 _a2
260 _c1962
650 _aRussia History
_922158
700 _a Vaclav Kral
_9349289
942 _hV5925:8.N6, K2
_cGB
_2CC
999 _c675442
_d675442